Score 0/24 Timer 03:00
1 Play Today
Hint Answer % Correct
Dead or ______Alive
99.4%
A ______ of Seagulls Flock
89.9%
Men at ______Work
89.7%
Fine ______ Cannibals Young
84.5%
______ TopZZ
83.6%
Huey Lewis & the ______News
83.4%
Simple ______Minds
82.3%
______ ModeDepeche
81.3%
______ Minogue Kylie
79.1%
Men Without ______Hats
78.7%
Milli ______Vanilli
78.3%
______ RiotQuiet
73.2%
Hint Answer % Correct
Dexys Midnight ______Runners
72.8%
Thompson ______Twins
69.6%
______ Cell Soft
65.8%
______ and the Revolution Prince
63.2%
Howard ______Jones
59.5%
______ Country Big
58.8%
Cutting ______Crew
56.4%
Midnight ______Oil
44.9%
______ 42Level
43.3%
Modern ______English
41.2%
The ______ SatellitesGeorgia
36.7%
______ Society Information
14.7%

Today's Daily Dose

Remove Ads.
Support Sporcle.
Get the best of Sporcle when you Go Orange. This ad-free experience offers more features, more stats, and more fun while also helping to support Sporcle. Thank you for becoming a member.

You're not logged in!

Compare scores with friends on all Sporcle quizzes.
OR
Log In

Show Comments

Extras

Top Quizzes Today


Score Distribution

Your Account Isn't Verified!

In order to create a playlist on Sporcle, you need to verify the email address you used during registration. Go to your Sporcle Settings to finish the process.

Report this User

Report this user for behavior that violates our Community Guidelines.

Details: